| 000 | 00645nam a22001817a 4500 | ||
|---|---|---|---|
| 999 |
_c7397 _d7397 |
||
| 003 | OSt | ||
| 005 | 20211026120008.0 | ||
| 008 | 211026b ||||| |||| 00| 0 eng d | ||
| 020 | _a9783659946362 | ||
| 040 | _cDDC | ||
| 082 | _a638.1FIC 2016 | ||
| 100 |
_a Fichtl,Reinhard; Addi,Admasu; _915150 |
||
| 245 |
_aHoneybee Flora of Ethiopia. _bAssessment of major Honey bee flora resources on selected districts of Sidama and Gedeo zones of Southern Ethiopia. _cEdited by Fichtl,Reinhard and Addi,Admasu; |
||
| 260 |
_aGermany. _bLambert Academic Publishing. _c2016. |
||
| 300 |
_a59p; _bill; _c23cm. |
||
| 650 |
_aBiology _95602 |
||
| 942 |
_2ddc _cO_SHELF |
||